1065 1159 1448 1511 1310 1912 1458 1496 1394 1336 1896 1802 1385 1700 1450 1322 1743 1959 1756 1140 1623 1596 1153 1669 1767 1530 1246 1353 1518 1579 1199 1483 1383 1133 1912 1205 1325 1614 1893 1026 1287 1322 1888 1164 1729 1372 1645 1871 1296 1167 1276 1742 1173 1080 1639 1725 1662 1459 1722 1955 1366 1378 1182 1039 1251 1687 1578 1129 1784 1817 1315 1348 1588 1527 1430 1760 1809 1807 1386 1470 1052 1165 1584 1381 1504 1790 1740 1798 1945 1638 1807 1170 1537 1607 1823 1561 1233 1506 1021 BCNSPRNW ULIB Ver.6.0+V

เปลี่ยนเป็นภาษาไทย

Change to English
 แสดงรายละเอียดบรรณานุกรม
  กลับหน้าหลัก

Brief Record : Get Marc (ISO 2709) : E-mail record : QR code < ปิดหน้าต่าง
LEADER : 00000nam 2200000uu 4500
001    13399128024
003     ULIB
008    020711s2564 th a 000 0 tha d
020    ^a9786169385509
050    ^aHQ^bม-อ
100    ^aมาเรือน เอมชาวนา
245    ^aไอน้ำเกาะ บนดาวเคราะห์ครึ่งเสี้ยว : Vapor on The Half Planet
250    ^aพิมพ์ครั้งที่ 1
260    ^aเพชรบุรี :^bไรเตอร์โซล,^c2564
300    ^a142 หน้า;^b19 ซม.
650    ^aสารคดี
650    ^aออทิสติก
650    ^aการบำบัด
650    ^aครอบครัว
945    ^p250^l0^i008621
945    ^p250^l0^i008622
999    ^aประนอม เกษจรัล
รายการนี้ยังไม่มีแท็ก
คุณยังไม่ได้ล็อกอิน คุณสามารถมีกิจกรรมร่วมกับเว็บไซต์ได้ แต่ต้องล็อกอินก่อน ::
  ล็อกอิน

รายการสื่อสารสนเทศ

ลำดับที่ ประเภท เลขเรียก/บาร์โค้ด สถานที่ สถานะ
1. การศึกษาทั่วไป
หนังสือสำรอง
สถานะ=หนังสือสำรอง
HQ ม-อ ฉ.1 
  Barcode: 008621
ห้องสมุดวิทยาเขตสวรรค์ประชารักษ์
►หนังสือทั่วไป
บนชั้น
2. การศึกษาทั่วไป
การศึกษาทั่วไป
HQ ม-อ ฉ.3 
  Barcode: 008622
ห้องสมุดวิทยาเขตสวรรค์ประชารักษ์
►หนังสือทั่วไป
บนชั้น

รายการใกล้เคียง
    ผู้แต่ง [มาเรือน เอมชาวนา]

    หัวเรื่อง [สารคดี]
    หัวเรื่อง [ออทิสติก]
    หัวเรื่อง [การบำบัด]
    หัวเรื่อง [ครอบครัว]

BibComment


ยังไม่เคยถูกคอมเมนท์

คอมเมนท์ทรัพยากรรายการนี้
  คอมเมนท์: ไอน้ำเกาะ บนดาวเ..


 Copyright 2026. Bcnsprnw @Library